Statystyki dla Stolice świata najbliżej Singapuru - Jednominutowy sprint

Kliknij tutaj aby rozwiązać quiz!

Ogólne statystyki

  • Ten quiz został rozwiązany 13 razy
  • Średni wynik to 10 z 20

Statystyki odpowiedzi

kmstolica% Poprawnych
902Dżakarta
92%
309Kuala Lumpur
92%
4465Pekin
92%
1426Bangkok
75%
2198Hanoi
75%
4142Nowe Delhi
75%
2881Dhaka
58%
2652Dili
50%
3530Katmandu
50%
2391Manila
50%
3250Tajpej
50%
1855Wientian
50%
1296Bandar Seri Begawan
42%
3380Male
42%
4813Islamabad
33%
3274Thimphu
33%
2720Kolombo
25%
2210Naypyidaw
25%
1142Phnom Penh
25%
3481Ngerulmud
8%

Rozkład punktacji

Percentyl według liczby udzielonych odpowiedzi

Procent ludzi z każdym wynikiem

Twoja historia wyników

Nie rozwiązałeś tego quizu